| 000 | 00468nam a2200181Ia 4500 | ||
|---|---|---|---|
| 003 | OSt | ||
| 005 | 20230519081021.0 | ||
| 008 | 210423s1996 xx 000 0 und d | ||
| 040 | _cAL | ||
| 041 | _aeng | ||
| 082 |
_a370 _223 _bSINM |
||
| 100 |
_aSINGH (H S). _9109255 |
||
| 245 | _aModern education testing. | ||
| 260 |
_aNew Delhi _bSterling Publishers Private Limited _c1996 |
||
| 365 |
_b500 _cINR |
||
| 906 | _aeducation ; Modern ; testing. | ||
| 942 |
_2ddc _cBK |
||
| 999 |
_c172517 _d172517 |
||